000 01052nac a22003017a 4500
001 BR7703713
003 BR-BrBNA
005 20240105114111.0
008 230509b bl.|||m| |||| 00| 0 por d
040 _aBR-BrBNA
_bpor
_cBiblioteca Nacional de Agricultura
072 _aE70
090 _a9143 BR7703713
110 1 _aMinisterio das Relacoes Exteriores, Brasilia, DF (Brasil). Depto. de Promocao Comercial;
_97087
110 1 _aInstituto de Planejamento Economico e Social, Brasilia, DF (Brasil)
_96238
245 1 _aRepublica Federal da Alemanha: Conserva e sucos de frutas [Mercado internacional; Exportacao]
260 3 _aBrasilia, DF (Brasil):
_c1977.
300 _a153 p.
490 _aMercados para o Brasil. Estudos Especiais (Brazil)
_vno. 112
_x
500 _a40 tables
650 _aComercializacao
650 _aSuco concentrado
650 _aMercado internacional
650 _aPolitica comercial
650 _aExportacao
650 _aTarifa
909 _a202312
_bLúcia Elande
_c55
_dLúcia Elande
942 _2AGRIS
_n0
_cMS
999 _c267391
_d267391